La filosofía de Martín Heidegger
Saved in:
| Main Author: | |
|---|---|
| Format: | Book |
| Language: | Spanish |
| Published: |
Madrid
Consejo Superior de Investigaciones Científicas
1952
|
| Edition: | 2a. ed |
| Subjects: | |
| Tags: |
Add Tag
No Tags, Be the first to tag this record!
|
MARC
| LEADER | 00000nam a2200000 a 4500 | ||
|---|---|---|---|
| 001 | UCX2471 | ||
| 003 | CL-VaPUC | ||
| 005 | 20240820103255.0 | ||
| 008 | 910516e19520000SP |||||||||||||||||spa|d | ||
| 999 | |c 223483 |d 223481 | ||
| 040 | |c Pontificia Universidad Católica de Valparaíso | ||
| 082 | 0 | 4 | |a 142.7 |b WAE |2 21 |
| 100 | |a Waelhens, A. de |e author |9 346782 | ||
| 245 | 1 | 3 | |a La filosofía de Martín Heidegger |
| 250 | |a 2a. ed | ||
| 260 | |a Madrid |b Consejo Superior de Investigaciones Científicas |c 1952 | ||
| 300 | |a 390 p | ||
| 583 | |a last modification |c 19910516 00:00:00 |k Rodrigo Vera | ||
| 600 | |a Heidegger, Martin, |d 1889-1976 |9 863140 | ||
| 650 | 0 | |a Fenomenología |9 256519 | |
| 650 | 0 | |a Existencialismo |9 265698 | |
| 942 | |c BK |2 ddc | ||
| 945 | |d 19910516 00:00:00 | ||
| 952 | |0 0 |1 0 |4 0 |6 142_700000000000000_WAE_1952 |7 0 |8 P |9 219304 |a BIBEDU |b BIBEDU |c BIBEDU_PB |d 2019-11-15 |i 2880865 |l 1 |m 1 |o 142.7 WAE 1952 |p 2880865 |r 2025-03-31 |s 2025-03-18 |w 2019-11-15 |y BK |k FIL | ||